skbl

Dr Suryya Kumar Bhuyan Library Web-OPAC
ডঃ সূৰ্য্য
কুমাৰ ভূঞা পুথিভঁৰাল ৱেব-অ'পেক

All Research Scholars are advised to clear the annual library fees to continue using Library Resources, Remote Access, Plagiarism Test and Library Clearance.

Cotton University Book Fair 2026

Paradise Lost / (Record no. 5752)

MARC details
000 -LEADER
fixed length control field 00799nam a2200337Ia 4500
001 - CONTROL NUMBER
control field 5765
005 - DATE AND TIME OF LATEST TRANSACTION
control field 20240113233847.0
007 - PHYSICAL DESCRIPTION FIXED FIELD--GENERAL INFORMATION
fixed length control field ta
008 - FIXED-LENGTH DATA ELEMENTS--GENERAL INFORMATION
fixed length control field 130919s1991 ii g b000 u 465 u
020 ## - INTERNATIONAL STANDARD BOOK NUMBER
International Standard Book Number 81-7096-570-5
040 ## - CATALOGING SOURCE
Original cataloging agency Cotton College,Assam
041 ## - LANGUAGE CODE
Language code of text/sound track or separate title eng
082 ## - DEWEY DECIMAL CLASSIFICATION NUMBER
Classification number 822.09
Item number Mi 642 Pa
100 ## - MAIN ENTRY--PERSONAL NAME
Personal name Milton, .
245 #0 - TITLE STATEMENT
Title Paradise Lost /
Statement of responsibility, etc. Milton.
Medium Textual Documents
250 ## - EDITION STATEMENT
Edition statement 1st ed. /
260 ## - PUBLICATION, DISTRIBUTION, ETC.
Place of publication, distribution, etc. New Delhi :
Name of publisher, distributor, etc. Kalyani Publisher ,
Date of publication, distribution, etc. 1991.
300 ## - PHYSICAL DESCRIPTION
Extent 83p. ;
Dimensions 21cm.
504 ## - BIBLIOGRAPHY, ETC. NOTE
Bibliography, etc. note Bib.
653 ## - INDEX TERM--UNCONTROLLED
Uncontrolled term English drama-Criticism
653 ## - INDEX TERM--UNCONTROLLED
Uncontrolled term T/G-English
653 ## - INDEX TERM--UNCONTROLLED
Uncontrolled term G-English
942 ## - ADDED ENTRY ELEMENTS (KOHA)
Source of classification or shelving scheme Dewey Decimal Classification
Koha item type Books
Holdings
Withdrawn status Lost status Damaged status Not for loan Home library Current library Date acquired Coded location qualifier Total checkouts Full call number Barcode Date last seen Copy number Price effective from Koha item type Shelving location
        Dr. Suryya Kumar Bhuyan Library Dr. Suryya Kumar Bhuyan Library 01/02/2012 00000   822.09 Mi 642 Pa 88527 13/01/2024 1 01/02/2012 Books  
        Dr. Suryya Kumar Bhuyan Library Dr. Suryya Kumar Bhuyan Library 01/02/2012 00000   822.09 Mi 642 Pa 3853/New 13/01/2024 5 01/02/2012 Books  
        Dr. Suryya Kumar Bhuyan Library Dr. Suryya Kumar Bhuyan Library 01/02/2012 00000   822.09 Mi 642 Pa 57601 13/01/2024 4 01/02/2012 Books  
        Dr. Suryya Kumar Bhuyan Library Dr. Suryya Kumar Bhuyan Library 01/02/2012 00000   822.09 Mi 642 Pa 57602 13/01/2024 6 01/02/2012 Books  
        Dr. Suryya Kumar Bhuyan Library Dr. Suryya Kumar Bhuyan Library 01/02/2012 00000   822.09 Mi 642 Pa 76318 13/01/2024 2 01/02/2012 Books  
        Dr. Suryya Kumar Bhuyan Library Dr. Suryya Kumar Bhuyan Library 01/02/2012 00000   822.09 Mi 642 Pa 76318/A 13/01/2024 3 01/02/2012 Books  

Designed and Maintained by Team SKBL
©1901-2026

Powered by Koha